Văn chương bạn đọc sáng tạo

Сохранить в:
Библиографические подробности
Главный автор: Phan Trọng Luận
Формат:
Язык:Undetermined
Опубликовано: H. ĐHQG 2003
Предметы:
Метки: Добавить метку
Нет меток, Требуется 1-ая метка записи!
Thư viện lưu trữ: Trung tâm Học liệu Trường Đại học Cần Thơ
LEADER 00517nam a2200193Ia 4500
001 CTU_54370
008 210402s9999 xx 000 0 und d
020 |b 31000 
082 |a 807 
082 |b L502 
100 |a Phan Trọng Luận 
245 0 |a Văn chương bạn đọc sáng tạo 
245 0 |c Phan Trọng Luận 
260 |a H. 
260 |b ĐHQG 
260 |c 2003 
650 |a vietnamese literature 
650 |x study and teaching 
980 |a Trung tâm Học liệu Trường Đại học Cần Thơ